| 000 | 00948nam a2200277 i 4500 | ||
|---|---|---|---|
| 001 | bg | ||
| 003 | BPK | ||
| 005 | 20210406114556.0 | ||
| 008 | 000114s1981 pl a f f |000 0 pol | ||
| 015 | _aPB 1981/6152 | ||
| 020 | _a8301034165 | ||
| 040 |
_aWA N _cBPK |
||
| 041 | 0 | _apol | |
| 080 | _a532 | ||
| 080 | _a(075.8+076) | ||
| 100 | 1 |
_aRumianowski, Adam _eAutor |
|
| 245 | 1 | 0 |
_aZbiór zadań z mechaniki płynów nieściśliwych z rozwiązaniami : _b[skrypt dla studentów wyższych szkół technicznych] / _cAdam Rumianowski. |
| 250 | _aWyd. 3. | ||
| 260 |
_aWarszawa ; _aŁódź : _bPańst. Wydaw. Naukowe, _c1981. |
||
| 300 |
_a487 s. : _bil., tab., wykr. ; _c24 cm. |
||
| 504 | _aBibliogr. s. 485-487. | ||
| 655 | 4 | _aĆwiczenia i zadania dla szkół wyższych | |
| 650 | 4 | _aMechanika płynów | |
| 856 |
_uhttp://koha.tu.koszalin.pl/cgi-bin/koha/opac-detail.pl?biblionumber=2920 _yKatalog online BPK |
||
| 942 |
_2UKD _cKS |
||
| 999 |
_c2920 _d2920 |
||